000 00667nam a2200193 i 4500
001 149373
003 ES-MaACL
005 20230906203055.0
007 t|
008 071022s1973 sp ||||1| spa d
100 1 _aVaray, André.
_9113120
245 1 0 _aGastroenterología /
_crevisión especial del autor para la edición española, por André Varay ; versión M. Dalmau Ciria, Antonio Miranda Canals.
250 _a[1ª ed.].
260 _aBarcelona :
_bToray-Masson,
_c[1973]
300 _aXVI, 875 p. :
_bil. ;
_c25 cm.
700 1 _aDalmau Ciria, Miguel.
_942522
700 1 _aMiranda Canals, Antonio Luis.
_981547
852 _aES-MaACL
_jC-51956
_bR.85420
999 _c149373
_d149373